| 000 | 00624nam a22001577a 4500 | ||
|---|---|---|---|
| 003 | OSt | ||
| 005 | 20151104142037.0 | ||
| 008 | 151104b xxu||||| |||| 00| 0 eng d | ||
| 040 | _cRUA | ||
| 082 | _aFOR រស់ 1996 B123 Or.1 | ||
| 100 |
_93340 _aរស់ សូដែន |
||
| 245 | _aThe study of the wildlife sources and utilization in north east region of cambodia, សិក្សាប្រភព និង ការប្រើប្រាស់ធនធានសត្វព្រៃនៅភូមិភាគឥសាន | ||
| 260 |
_aPhnom Penh _bRUA _c1996 |
||
| 300 |
_a117p. _bill. _c29cm. |
||
| 942 |
_2ddc _cFOR |
||
| 999 |
_c3114 _d3114 |
||